000 00318nam a22001217a 4500
003 OSt
008 250109b |||||||| |||| 00| 0 eng d
041 _aeng
100 _aBalakrishna Pillai
_96894
245 _aAgriculture among Tribal
260 _bDirectorate of Extension, Kerala Agricultural University
942 _cBK
999 _c18991
_d18991